[Event "OLNW 1920 SK Lehrte - SF"]
[Site "Hannover"]
[Date "2020.03.01"]
[Round "7.2"]
[White "Stelmaszyk, Nico"]
[Black "Pubantz, Jan"]
[Result "1-0"]
[WhiteElo "2279"]
[BlackElo "2306"]
[PlyCount "61"]
[EventDate "2020.??.??"]
[EventType "team-tourn"]
[EventCountry "GER"]

1. e4 c6 2. d4 d5 3. exd5 cxd5 4. c4 Nf6 5. Nc3 Nc6 6. Nf3 g6 7. cxd5 Nxd5 8.
Bc4 Nxc3 9. bxc3 Bg7 10. O-O O-O 11. Re1 Na5 12. Bd3 Be6 13. Ba3 Bf6 14. Qd2
Rc8 15. Ng5 Bd5 16. Ne4 Bg7 17. Qg5 Re8 18. Bb5 Bc6 19. Bxc6 Rxc6 20. Qb5 b6
21. Bb4 Rc8 22. Bxa5 bxa5 23. Rab1 e5 24. d5 f5 25. d6 Rf8 26. Qd5+ Kh8 27. Nc5
Rf6 28. d7 Rxc5 29. Qxc5 Rf7 30. Qxa7 Rxd7 31. Rb8 1-0

[Event "OLNW 1920 SK Lehrte - SF"]
[Site "Hannover"]
[Date "2020.03.01"]
[Round "7.3"]
[White "Kaimer, Thomas"]
[Black "Duessler, Stefanie"]
[Result "0-1"]
[WhiteElo "2146"]
[BlackElo "2124"]
[PlyCount "94"]
[EventDate "2020.??.??"]
[EventType "team-tourn"]
[EventCountry "GER"]

1. e4 c5 2. Nf3 e6 3. d4 cxd4 4. Nxd4 Nc6 5. g3 Qc7 6. Bg2 a6 7. O-O Nf6 8. Nc3
d6 9. Re1 Bd7 10. Nxc6 Bxc6 11. Nd5 Bxd5 12. exd5 e5 13. Be3 Be7 14. Rc1 O-O
15. c4 Nd7 16. Qd2 f5 17. f4 e4 18. b4 a5 19. a3 axb4 20. axb4 Ra3 21. Bf1 b6
22. Bd4 Rfa8 23. Re3 Ra2 24. Rc2 Rxc2 25. Qxc2 Bf6 26. Qd2 Ra4 27. g4 Bxd4 28.
Qxd4 Rxb4 29. gxf5 Nf6 30. Be2 Qc8 31. Rg3 Qxf5 32. Qe3 Qc8 33. Qc3 Rb1+ 34.
Kg2 Qc5 35. Kh3 Rg1 36. Qe3 Qxe3 37. Rxe3 Re1 38. Kg3 Kf8 39. h3 Rb1 40. Kf2
Rb2 41. Kg3 g6 42. h4 Rc2 43. f5 Kf7 44. fxg6+ hxg6 45. Bf1 Nh5+ 46. Kg4 Rf2
47. Be2 Rg2+ 0-1

[Event "OLNW 1920 SK Lehrte - SF"]
[Site "Hannover"]
[Date "2020.03.01"]
[Round "7.5"]
[White "Edel, Thomas"]
[Black "Schruefer, Guenther"]
[Result "1/2-1/2"]
[WhiteElo "2074"]
[BlackElo "2216"]
[PlyCount "45"]
[EventDate "2020.??.??"]
[EventType "team-tourn"]
[EventCountry "GER"]

1. d4 Nf6 2. Nf3 g6 3. g3 Bg7 4. Bg2 O-O 5. O-O d5 6. c4 dxc4 7. Na3 c5 8. dxc5
c3 9. bxc3 Qa5 10. Qb3 Ne4 11. Nd4 Nxc5 12. Qb5 Qc7 13. Be3 Nbd7 14. Rac1 Rb8
15. Qb4 a6 16. Nc4 e5 17. Nb3 b6 18. Rfd1 Bb7 19. Bxb7 Rxb7 20. Nd6 Rbb8 21.
Qc4 b5 22. Qd5 Nxb3 23. axb3 1/2-1/2

[Event "OLNW 1920 SK Lehrte - SF"]
[Site "Hannover"]
[Date "2020.03.01"]
[Round "7.7"]
[White "Ploog, Martin"]
[Black "Zschischang, Marine"]
[Result "1-0"]
[WhiteElo "2023"]
[BlackElo "2082"]
[PlyCount "77"]
[EventDate "2020.??.??"]
[EventType "team-tourn"]
[EventCountry "GER"]

1. d4 e6 2. Nf3 Nf6 3. g3 b6 4. Bg2 Bb7 5. O-O Be7 6. b3 d6 7. Bb2 Nbd7 8. c4
O-O 9. Nc3 Ne4 10. Qc2 Nxc3 11. Bxc3 f5 12. d5 e5 13. Bh3 g6 14. b4 b5 15. e4
bxc4 16. Nd2 f4 17. f3 h6 18. a4 Bg5 19. Nxc4 Nf6 20. Na5 Rb8 21. Kg2 Kh7 22.
Be6 fxg3 23. hxg3 Nh5 24. Be1 Be3 25. Bf2 Bb6 26. Bxb6 axb6 27. Nxb7 Rxb7 28.
Qc6 Ra7 29. Qd7+ Qxd7 30. Bxd7 c5 31. dxc6 Nf6 32. Be6 Re8 33. Bh3 Kg7 34. Rfd1
Rd8 35. b5 Ne8 36. a5 Rda8 37. axb6 Rxa1 38. Rxa1 Rxa1 39. b7 1-0

[Event "OLNW 1920 SK Lehrte - SF"]
[Site "Hannover"]
[Date "2020.03.01"]
[Round "7.8"]
[White "Zschischang, Gunnar"]
[Black "Polnau, Manuel"]
[Result "1/2-1/2"]
[WhiteElo "2105"]
[BlackElo "2036"]
[PlyCount "60"]
[EventDate "2020.??.??"]
[EventType "team-tourn"]
[EventCountry "GER"]

1. d4 Nf6 2. Nf3 g6 3. Bf4 Bg7 4. e3 O-O 5. Be2 d6 6. h3 Nbd7 7. Nbd2 Qe8 8.
O-O e5 9. dxe5 dxe5 10. Bh2 Qe7 11. c3 Rd8 12. Qc2 e4 13. Bxc7 exf3 14. Bxd8
Qxd8 15. Nxf3 Nc5 16. Rfd1 Qe7 17. Nd4 Nce4 18. Bf3 g5 19. Qe2 Bd7 20. Bxe4
Nxe4 21. Qf3 Bxd4 22. Rxd4 Re8 23. Rad1 Bc6 24. Qf5 h6 25. Re1 Nc5 26. f3 Ne6
27. Rdd1 Ng7 28. Qd3 Ne6 29. Qf5 Ng7 30. Qd3 Ne6 1/2-1/2

[Event "OLNW 1920 SK Nordhorn Blanke - MTV Tost"]
[Site "?"]
[Date "2020.03.01"]
[Round "7.1"]
[White "Bokros, Albert"]
[Black "Kroeze, Frank"]
[Result "1/2-1/2"]
[WhiteElo "2478"]
[BlackElo "2389"]
[PlyCount "42"]
[EventDate "2020.??.??"]
[EventType "team-tourn"]

1. e4 c6 2. d4 d5 3. Nc3 dxe4 4. Nxe4 Bf5 5. Ng3 Bg6 6. Nh3 Nf6 7. Bc4 e6 8.
O-O Bd6 9. f4 Qc7 10. Kh1 O-O 11. f5 exf5 12. Nxf5 Nbd7 13. Nxd6 Qxd6 14. c3
Nb6 15. Bb3 c5 16. Bg5 Ne4 17. Bf4 Qd8 18. dxc5 Nxc5 19. Qd6 Nxb3 20. axb3 Re8
21. c4 Be4 {(=)} 1/2-1/2

[Event "OLNW 1920 SK Nordhorn Blanke - MTV Tost"]
[Site "?"]
[Date "2020.03.01"]
[Round "7.3"]
[White "Izsak, Gyula"]
[Black "Bertholee, Rob"]
[Result "0-1"]
[WhiteElo "2418"]
[BlackElo "2300"]
[PlyCount "162"]
[EventDate "2020.??.??"]
[EventType "team-tourn"]

1. d4 e6 2. Nf3 c5 3. c4 cxd4 4. Nxd4 Nf6 5. Nc3 a6 6. Nc2 b6 7. e4 Qc7 8. Bd3
Bd6 9. Qe2 Nc6 10. h3 h5 11. O-O h4 12. Be3 Nh5 13. Rad1 Ne5 14. Qd2 Nxd3 15.
Qxd3 Bh2+ 16. Kh1 Be5 17. Bd4 Nf4 18. Bxe5 Qxe5 19. Qd6 Rh5 20. Ne3 Qxd6 21.
Rxd6 Rb8 22. b4 Kd8 23. Rfd1 Kc7 24. a3 Rg5 25. R6d4 f6 26. Kh2 Rh5 27. Kg1 Rh7
28. Ng4 Rh8 29. e5 Nh5 30. Ne3 fxe5 31. Rxh4 Bb7 32. Ne4 Nf4 33. Rxh8 Rxh8 34.
Nd6 Bc6 35. f3 Ne2+ 36. Kf2 Nc3 37. Rd3 e4 38. fxe4 Nxe4+ 39. Nxe4 Bxe4 40. Rd4
Rf8+ 41. Kg3 Bb1 42. Rg4 Rf7 43. a4 Kd6 44. Rd4+ Kc6 45. Rd1 Bh7 46. Rd2 a5 47.
bxa5 bxa5 48. Rb2 d6 49. Rb5 Ra7 50. Kf4 Bg6 51. Nd1 Bd3 52. Nb2 Bf1 53. Kg3 d5
54. cxd5+ exd5 55. Rb8 Kc5 56. Rf8 Be2 57. Re8 Ba6 58. Nd1 Rd7 59. Ra8 Be2 60.
Nc3 Bc4 61. Nxd5 Bxd5 62. Rxa5+ Kd4 63. Ra6 Ke5 64. Rg6 Be4 65. Rg4 g6 66. h4
Rd3+ 67. Kh2 Rd2 68. a5 Ra2 69. Rg3 Kf6 70. Rg4 Bf5 71. Rb4 Rxa5 72. g4 Be6 73.
Kg3 Rc5 74. Rf4+ Ke5 75. Rf3 Rc4 76. Re3+ Re4 77. Ra3 Rxg4+ 78. Kf2 Rxh4 79.
Ra8 Kf6 80. Ra6 Rh3 81. Kg2 Rc3 0-1

[Event "OLNW 1920 SK Nordhorn Blanke - MTV Tost"]
[Site "?"]
[Date "2020.03.01"]
[Round "7.4"]
[White "Stotyn, Fabian"]
[Black "Szeberenyi, Adam"]
[Result "0-1"]
[WhiteElo "2197"]
[BlackElo "2363"]
[PlyCount "120"]
[EventDate "2020.??.??"]
[EventType "team-tourn"]

1. e4 c5 2. Nc3 Nc6 3. Bb5 Nd4 4. Nf3 a6 5. Bd3 g6 6. Nxd4 cxd4 7. Ne2 Bg7 8.
c3 dxc3 9. dxc3 d6 10. O-O Nf6 11. a4 O-O 12. a5 b5 13. axb6 Qxb6 14. Qa4 Bb7
15. Be3 Qc7 16. f3 Nd7 17. Qa5 Qxa5 18. Rxa5 Ne5 19. Rd1 Nxd3 20. Rxd3 f5 21.
exf5 Rxf5 22. Rxf5 gxf5 23. Nd4 Bc8 24. Bg5 Kf7 25. Nc6 Bf8 26. Rd4 a5 27. Rd1
Ra6 28. Nd4 Rb6 29. Rd2 Bd7 30. Be3 Rb7 31. f4 a4 32. Kf2 Bg7 33. g3 h6 34. Ke2
e5 35. Nf3 Ke6 36. fxe5 dxe5 37. Bc5 Bb5+ 38. Kf2 Rd7 39. Rxd7 Bxd7 40. Nd2 Kd5
41. Ba3 Bb5 42. Be7 h5 43. Bg5 Bf8 44. Be3 Be7 45. Bb6 Bg5 46. Be3 Bd8 47. Kf3
Bd3 48. Kf2 Ba5 49. Kf3 Bc2 50. c4+ Kc6 51. Nf1 Bb3 52. Nd2 Bd1+ 53. Kf2 Bc3
54. bxc3 a3 55. Nb3 Bxb3 56. Bc1 a2 57. Bb2 Bxc4 58. Ke3 Kb5 59. Kd2 Ka4 60.
Kc2 f4 0-1

[Event "OLNW 1920 SK Nordhorn Blanke - MTV Tost"]
[Site "?"]
[Date "2020.03.01"]
[Round "7.5"]
[White "Hoegy, Kevin"]
[Black "Oehne, Timo"]
[Result "1-0"]
[WhiteElo "2239"]
[BlackElo "2104"]
[PlyCount "45"]
[EventDate "2020.??.??"]
[EventType "team-tourn"]

1. d4 Nf6 2. Nf3 g6 3. Bf4 Bg7 4. e3 O-O 5. Nbd2 d6 6. h3 Nbd7 7. Bh2 c5 8. c3
b6 9. Be2 Bb7 10. O-O Re8 11. a4 Rc8 12. a5 e5 13. dxe5 Nxe5 14. Nxe5 dxe5 15.
Nc4 Qc7 16. Qd6 Nd7 17. axb6 axb6 18. Ra7 Qc6 19. Qxc6 Bxc6 20. Nd6 Bf8 21.
Nxe8 Rxe8 22. Rd1 Nb8 23. Bc4 1-0

[Event "OLNW 1920 SK Nordhorn Blanke - MTV Tost"]
[Site "?"]
[Date "2020.03.01"]
[Round "7.6"]
[White "Baisakow, Alexander"]
[Black "Haerig, Wilfried"]
[Result "1-0"]
[WhiteElo "2181"]
[BlackElo "2165"]
[PlyCount "91"]
[EventDate "2020.??.??"]
[EventType "team-tourn"]

1. e4 c5 2. Nf3 g6 3. c3 Bg7 4. d4 cxd4 5. cxd4 d6 6. Nc3 Nf6 7. Bb5+ Nfd7 8.
O-O O-O 9. Bg5 h6 10. Bh4 Nc6 11. Rc1 a6 12. Bxc6 bxc6 13. Qe2 a5 14. Rfd1 Ba6
15. Qc2 Nb6 16. e5 d5 17. Na4 Nxa4 18. Qxa4 g5 19. Bg3 Bb5 20. Qc2 a4 21. h4 e6
22. hxg5 hxg5 23. Qd2 f6 24. exf6 Rxf6 25. Qxg5 Rf5 26. Qxd8+ Rxd8 27. Ne5 Bxe5
28. Bxe5 Bc4 29. f4 Rf7 30. Kf2 Rb7 31. Rh1 Rxb2+ 32. Kf3 Rf8 33. Rh8+ Kf7 34.
Rh7+ Ke8 35. Ra7 Rg8 36. Rh1 Bd3 37. f5 Bxf5 38. Rh6 Rbxg2 39. Rf6 Be4+ 40. Ke3
Bf5 41. Rff7 Rc2 42. Rae7+ Kd8 43. Bf6 e5 44. Rb7+ Ke8 45. Rfe7+ Kd8 46. Rec7+
1-0

[Event "OLNW 1920 SK Nordhorn Blanke - MTV Tost"]
[Site "?"]
[Date "2020.03.01"]
[Round "7.7"]
[White "Thomas, Jeremy"]
[Black "Hoellmann, Ludger"]
[Result "0-1"]
[WhiteElo "1924"]
[BlackElo "2109"]
[PlyCount "74"]
[EventDate "2020.??.??"]
[EventType "team-tourn"]

1. e4 c6 2. d4 d5 3. Nc3 dxe4 4. Nxe4 Nd7 5. Nf3 Ngf6 6. Nxf6+ Nxf6 7. Bc4 Bf5
8. c3 e6 9. Bg5 Be7 10. Bd3 Bg4 11. h3 Bh5 12. Be2 h6 13. Bf4 O-O 14. Ne5 Bxe2
15. Qxe2 c5 16. dxc5 Bxc5 17. Nd3 Bd6 18. Bxd6 Qxd6 19. O-O Rfd8 20. Rfd1 Qc7
21. Rd2 Rd5 22. Qe3 Rad8 23. Rad1 e5 24. Nb4 Rxd2 25. Rxd2 a5 26. Nc2 Rd5 27.
Rxd5 Nxd5 28. Qe4 Nf6 29. Qd3 g6 30. Ne3 Kg7 31. b3 Qc5 32. Nc4 Nd5 33. a4 f6
34. Kf1 h5 35. g3 b6 36. Qe4 Kh6 37. Qd3 Kh7 0-1

[Event "OLNW 1920 SK Nordhorn Blanke - MTV Tost"]
[Site "?"]
[Date "2020.03.01"]
[Round "7.8"]
[White "Bierenbroodspot, Paul"]
[Black "Tiedemann, Joerg"]
[Result "0-1"]
[WhiteElo "2124"]
[BlackElo "1926"]
[PlyCount "82"]
[EventDate "2020.??.??"]
[EventType "team-tourn"]

1. d4 d5 2. Nc3 Nf6 3. Bf4 e6 4. e3 a6 5. g4 Bb4 6. Bd3 Nc6 7. Nge2 h6 8. h3
Qe7 9. a3 Bd6 10. Bxd6 cxd6 11. Nf4 g5 12. Nh5 Nxh5 13. gxh5 f5 14. Be2 Bd7 15.
Qd2 Qf6 16. O-O-O Ne7 17. f4 O-O-O 18. Bf3 Rhg8 19. Qf2 Rg7 20. Rd3 Kb8 21. Qh2
Be8 22. Rg1 Ka8 23. Rd2 Nc8 24. Qf2 Bf7 25. Rdd1 Rdg8 26. Rh1 Qd8 27. Rdg1 Nb6
28. b3 Nd7 29. Kb2 Nf6 30. Qe2 Qe8 31. Na4 Bxh5 32. Bxh5 Qxh5 33. Qd2 Qe8 34.
Qb4 Qc6 35. fxg5 Rxg5 36. Rc1 Rg2 37. Ka1 b5 38. Nb2 Ne4 39. c4 bxc4 40. bxc4
Rb8 41. Na4 Qxa4 0-1

[Event "OLNW 1920 SK Union Hamelner"]
[Site "Oldenburg"]
[Date "2020.03.01"]
[Round "7.1"]
[White "Bode, Wilfried"]
[Black "Breutigam, Martin"]
[Result "1-0"]
[WhiteElo "2349"]
[BlackElo "2385"]
[PlyCount "143"]
[EventDate "2020.??.??"]
[EventType "team-tourn"]
[EventCountry "GER"]

1. d4 f5 2. Bf4 Nf6 3. e3 e6 4. Nf3 Be7 5. h3 b6 6. Be2 Bb7 7. O-O O-O 8. c4 a5
9. Nc3 Na6 10. Nd2 d6 11. Bf3 Bxf3 12. Qxf3 Qd7 13. Rad1 Rae8 14. Qe2 Qc8 15.
a3 Bd8 16. Qd3 e5 17. Bg5 e4 18. Qe2 c6 19. Bf4 Be7 20. f3 exf3 21. Qxf3 Qd7
22. Bg5 Ne4 23. Ndxe4 fxe4 24. Qg3 Bxg5 25. Qxg5 Rxf1+ 26. Rxf1 Nc7 27. d5 cxd5
28. Nxd5 Nxd5 29. Qxd5+ Qe6 30. Rd1 Qxd5 31. Rxd5 Rd8 32. Rd4 Kf7 33. Rxe4 Rc8
34. b3 g5 35. h4 h6 36. Kh2 Rc5 37. Kg3 Kf6 38. hxg5+ hxg5 39. Rd4 Ke6 40. Kf3
b5 41. cxb5 Rxb5 42. b4 axb4 43. axb4 Ke5 44. Ke2 Rb8 45. Kd3 Ra8 46. Re4+ Kd5
47. Rg4 Rg8 48. Kc3 Rg7 49. Rd4+ Kc6 50. Kd3 Rb7 51. e4 Ra7 52. Rd5 Ra3+ 53.
Ke2 g4 54. b5+ Kb6 55. Rxd6+ Kxb5 56. Rd3 Ra2+ 57. Rd2 Ra3 58. Rc2 Kb6 59. Kf2
g3+ 60. Ke2 Kb7 61. Rc5 Kb6 62. Rd5 Kc6 63. Rd3 Ra4 64. Kf3 Rb4 65. Kf4 Ra4 66.
Rxg3 Kd6 67. Kf5 Ke7 68. Rb3 Ra6 69. e5 Rc6 70. Rh3 Ra6 71. Rh7+ Ke8 72. g4 1-0

[Event "OLNW 1920 SK Union Hamelner"]
[Site "Oldenburg"]
[Date "2020.03.01"]
[Round "7.2"]
[White "Bredemeier, Dirk"]
[Black "Tonndorf, Matthias"]
[Result "0-1"]
[WhiteElo "2239"]
[BlackElo "2163"]
[PlyCount "172"]
[EventDate "2020.??.??"]
[EventType "team-tourn"]
[EventCountry "GER"]

1. c4 e5 2. g3 g6 3. Nc3 Bg7 4. Bg2 Ne7 5. e4 Nbc6 6. Nge2 d6 7. O-O Be6 8. Nd5
Qd7 9. d3 O-O 10. Bg5 f6 11. Be3 Nd8 12. d4 c6 13. Nxe7+ Qxe7 14. d5 Bd7 15.
Qd2 Nf7 16. dxc6 bxc6 17. b4 Be6 18. Rac1 Qb7 19. f4 Rab8 20. f5 Bd7 21. Rb1
gxf5 22. exf5 Qa6 23. Qc2 Rfc8 24. a4 d5 25. b5 cxb5 26. axb5 Qd6 27. Bxa7 Rxb5
28. Rfd1 Rxc4 29. Qa2 Rxb1 30. Qxb1 d4 31. g4 Bh6 32. Ng3 Be3+ 33. Kh1 Bc6 34.
h4 Bxg2+ 35. Kxg2 Qc6+ 36. Qe4 Rc2+ 37. Kh3 Bf4 38. Qxc6 Rxc6 39. Nh5 Rc3+ 40.
Kg2 Nh6 41. Bxd4 exd4 42. Nxf4 Nxg4 43. Rxd4 Ne3+ 44. Kf2 Nxf5 45. Ra4 Rc2+ 46.
Ne2 Kg7 47. Kf3 Rc7 48. Kg4 Rc4+ 49. Rxc4 Ne3+ 50. Kf4 Nxc4 51. Ng3 Nd6 52.
Nh5+ Kf7 53. Ng3 Ke6 54. Nf1 Nf7 55. Ng3 Ne5 56. Nf5 Ng6+ 57. Ke4 Ne7 58. Nd4+
Kf7 59. Kf4 Kg6 60. Kg4 f5+ 61. Kf4 Kf6 62. Nf3 Ng6+ 63. Kg3 h6 64. Nd2 Ke6 65.
h5 Nf8 66. Nf3 Kf6 67. Kf4 Ne6+ 68. Kg3 Ng5 69. Ne1 Ke5 70. Nd3+ Kf6 71. Ne1
Ne4+ 72. Kf4 Nc3 73. Ke3 Kg5 74. Nf3+ Kg4 75. Ne5+ Kg3 76. Ng6 Nd1+ 77. Ke2 Nb2
78. Ne7 Kg4 79. Ke3 f4+ 80. Kf2 Nd3+ 81. Ke2 Ne5 82. Ng6 Nd7 83. Kf2 Kf5 84.
Ne7+ Kg5 85. Ng6 Nf6 86. Ne5 Ng4+ 0-1

[Event "OLNW 1920 SK Union Hamelner"]
[Site "Oldenburg"]
[Date "2020.03.01"]
[Round "7.3"]
[White "Renner, Kai"]
[Black "Meessen, Max"]
[Result "1/2-1/2"]
[WhiteElo "2185"]
[BlackElo "2184"]
[PlyCount "84"]
[EventDate "2020.??.??"]
[EventType "team-tourn"]
[EventCountry "GER"]

1. e4 e5 2. Nf3 Nc6 3. Bb5 a6 4. Ba4 Nf6 5. O-O Nxe4 6. d4 b5 7. Bb3 d5 8. dxe5
Be6 9. c3 Bc5 10. Nbd2 O-O 11. Bc2 Nxf2 12. Rxf2 f6 13. exf6 Bxf2+ 14. Kxf2
Qxf6 15. Nb3 Ne5 16. Kg1 Rae8 17. Be3 Nxf3+ 18. Qxf3 Qxf3 19. gxf3 Rxf3 20. Bc5
Bh3 21. Nd4 Rf4 22. Kh1 Rf2 23. Rg1 Rd2 24. b4 c6 25. Bf5 Bxf5 26. Nxf5 g6 27.
Ne7+ Kg7 28. Bd4+ Kf7 29. Nxc6 Ree2 30. Rf1+ Ke8 31. Bg1 Rxa2 32. Nd4 Ra4 33.
Nf3 Rc2 34. Bd4 Raa2 35. Be5 Rf2 36. Rxf2 Rxf2 37. Nd4 Kd7 38. Kg1 Ra2 39. Kf1
g5 40. h3 Ke7 41. Ne2 Ke6 42. Bc7 Kf5 1/2-1/2

[Event "OLNW 1920 SK Union Hamelner"]
[Site "Oldenburg"]
[Date "2020.03.01"]
[Round "7.4"]
[White "Mueer, Sebastian"]
[Black "van Son, Lutz"]
[Result "1-0"]
[WhiteElo "2201"]
[BlackElo "2155"]
[PlyCount "43"]
[EventDate "2020.??.??"]
[EventType "team-tourn"]
[EventCountry "GER"]

1. e4 e6 2. d4 d5 3. Nd2 Nf6 4. e5 Nfd7 5. c3 c5 6. Bd3 Nc6 7. Ne2 cxd4 8. cxd4
f6 9. exf6 Nxf6 10. O-O Bd6 11. Nf3 Qc7 12. Nc3 a6 13. Bd2 O-O 14. Rc1 Bd7 15.
Re1 Rae8 16. Ne5 Qb6 17. Bg5 Bxe5 18. dxe5 Ne4 19. Bxe4 dxe4 20. Qxd7 Qxf2+ 21.
Kh1 Qxb2 22. Bf6 1-0

[Event "OLNW 1920 SK Union Hamelner"]
[Site "Oldenburg"]
[Date "2020.03.01"]
[Round "7.5"]
[White "Schmidt, Dennis"]
[Black "Wittje, Berthold"]
[Result "1/2-1/2"]
[WhiteElo "2044"]
[BlackElo "2221"]
[PlyCount "107"]
[EventDate "2020.??.??"]
[EventType "team-tourn"]
[EventCountry "GER"]

1. e4 Nf6 2. e5 Nd5 3. c4 Nb6 4. d4 d6 5. exd6 exd6 6. Nc3 Nc6 7. d5 Ne5 8. f4
Ned7 9. Nf3 Be7 10. Be3 O-O 11. Bd3 Nc5 12. Bxc5 dxc5 13. O-O h6 14. Ne5 Nd7
15. Qf3 Bd6 16. Rae1 Qh4 17. g3 Nxe5 18. fxe5 Qd4+ 19. Kg2 Bg4 20. Qf4 Be7 21.
Re4 Qxd3 22. Qxg4 Qd2+ 23. Rf2 Qg5 24. Qd7 Bd8 25. Qb5 b6 26. Qc6 Rb8 27. Qd7
Qe7 28. Qg4 a6 29. a4 Qg5 30. Qe2 Qe7 31. h4 Qe8 32. Qd3 Qd7 33. Qe2 Be7 34.
Qh5 Rbe8 35. b3 Bd8 36. Qe2 Qe7 37. a5 Qd7 38. axb6 cxb6 39. Qa2 Qb7 40. Qe2
Qd7 41. e6 fxe6 42. Rxf8+ Kxf8 43. dxe6 Qd6 44. Nd5 Kg8 45. Qg4 b5 46. Qg6 Rf8
47. Rg4 Qe5 48. Rf4 Qe2+ 49. Kh3 Rxf4 50. Nxf4 Qf1+ 51. Kh2 Qf2+ 52. Kh3 Qf1+
53. Kh2 Qf2+ 54. Kh3 1/2-1/2

[Event "OLNW 1920 SK Union Hamelner"]
[Site "Oldenburg"]
[Date "2020.03.01"]
[Round "7.6"]
[White "Hermann, Manfred"]
[Black "Koch, Yannick"]
[Result "1/2-1/2"]
[WhiteElo "2296"]
[BlackElo "2080"]
[PlyCount "51"]
[EventDate "2020.??.??"]
[EventType "team-tourn"]
[EventCountry "GER"]

1. e4 c5 2. c3 d5 3. exd5 Qxd5 4. d4 Nf6 5. Nf3 e6 6. Bd3 Nc6 7. O-O Be7 8. c4
Qd8 9. dxc5 Bxc5 10. Nc3 O-O 11. a3 b6 12. Bg5 Bb7 13. Qe2 h6 14. Bh4 Nd4 15.
Nxd4 Qxd4 16. Bg3 Qd7 17. Rfe1 Rfd8 18. Rad1 Qc6 19. Qf1 Rd4 20. Nb5 Rd7 21.
Be2 Ne4 22. Bf3 Rxd1 23. Rxd1 Qc8 24. b4 Nxg3 25. hxg3 Bxf3 26. gxf3 1/2-1/2

[Event "OLNW 1920 SK Union Hamelner"]
[Site "Oldenburg"]
[Date "2020.03.01"]
[Round "7.7"]
[White "Jacobi, Felix-Hagen"]
[Black "Wagner, Jan"]
[Result "0-1"]
[WhiteElo "2089"]
[BlackElo "2170"]
[PlyCount "62"]
[EventDate "2020.??.??"]
[EventType "team-tourn"]
[EventCountry "GER"]

1. e4 g6 2. d4 Bg7 3. f4 d5 4. e5 Nh6 5. Be2 O-O 6. Be3 f6 7. Nd2 c5 8. c3 Nc6
9. Ngf3 Ng4 10. Bg1 fxe5 11. fxe5 Bh6 12. Nf1 cxd4 13. cxd4 Qa5+ 14. N3d2 Rxf1+
15. Bxf1 Ne3 16. Bxe3 Bxe3 17. a3 Nxd4 18. b4 Qc7 19. Rc1 Qxe5 20. Be2 Bd7 21.
Rc5 Rf8 22. Bf3 e6 23. Nc4 Nxf3+ 24. gxf3 Qc3+ 25. Nd2 Bxc5 26. bxc5 Qxc5 27.
Kf1 e5 28. Kg2 e4 29. Qb3 exf3+ 30. Nxf3 Qc4 31. Qb2 Qg4+ 0-1

[Event "OLNW 1920 SK Union Hamelner"]
[Site "Oldenburg"]
[Date "2020.03.01"]
[Round "7.8"]
[White "Schuette, Marc"]
[Black "Belov, Igor"]
[Result "1-0"]
[WhiteElo "2109"]
[BlackElo "2049"]
[PlyCount "69"]
[EventDate "2020.??.??"]
[EventType "team-tourn"]
[EventCountry "GER"]

1. e4 d6 2. d4 Nf6 3. Bd3 g6 4. Nf3 Bg7 5. c3 O-O 6. O-O Nc6 7. Re1 e5 8. Nbd2
Bg4 9. h3 Bxf3 10. Nxf3 Qe7 11. d5 Nd8 12. Bg5 h6 13. Be3 Kh7 14. Qc2 Qd7 15.
c4 b6 16. Rac1 Nh5 17. Bf1 Nf4 18. Kh2 g5 19. g3 Ng6 20. Nd2 c5 21. Be2 Kh8 22.
Bg4 Qe8 23. Kg2 Bf6 24. Rh1 Rg8 25. Bf5 Ne7 26. h4 gxh4 27. Bxh6 Nxf5 28. exf5
Rg4 29. Ne4 Be7 30. f3 Rg8 31. f6 Rg6 32. Rxh4 Kg8 33. Bg7 Rxg7 34. Rch1 Kf8
35. fxg7+ 1-0

[Event "OLNW 1920 HSK Lister Turm - MTV"]
[Site "Tostedt"]
[Date "2021.07.10"]
[Round "8.2"]
[White "Walter, Stefan"]
[Black "Haerig, Wilfried"]
[Result "0-1"]
[WhiteElo "2388"]
[BlackElo "2155"]
[PlyCount "58"]
[EventDate "2021.??.??"]
[EventType "team-tourn"]
[EventCountry "GER"]

1. Nf3 c5 2. c4 g6 3. g3 Bg7 4. Bg2 Nc6 5. Nc3 e6 6. b3 Nge7 7. Bb2 b6 8. Qc2
O-O 9. Nb5 d5 10. Bxg7 Kxg7 11. Qb2+ d4 12. b4 Rb8 13. bxc5 bxc5 14. Qc1 e5 15.
O-O a6 16. Na3 e4 17. Ng5 f5 18. f3 Ng8 19. Nh3 exf3 20. Rxf3 Ne5 21. Rb3 Rxb3
22. axb3 Qb6 23. Qb2 Bb7 24. Bxb7 Qxb7 25. Nf4 Re8 26. Rb1 g5 27. Nd5 Nf6 28.
Nxf6 Kxf6 29. b4 Nd3 0-1

[Event "OLNW 1920 HSK Lister Turm - MTV"]
[Site "Tostedt"]
[Date "2021.07.10"]
[Round "8.3"]
[White "Krueger, Robin Kevin"]
[Black "Hampel, Felix"]
[Result "0-1"]
[WhiteElo "2039"]
[BlackElo "2299"]
[PlyCount "60"]
[EventDate "2021.??.??"]
[EventType "team-tourn"]
[EventCountry "GER"]

1. e4 c5 2. c3 Nf6 3. e5 Nd5 4. d4 cxd4 5. Nf3 e6 6. cxd4 d6 7. Bc4 Be7 8. O-O
O-O 9. Qe2 b6 10. Rd1 Bb7 11. Bxd5 exd5 12. Nc3 Na6 13. Nb5 dxe5 14. dxe5 Nc5
15. Nfd4 Qd7 16. b4 a6 17. Nc3 Ne4 18. Nxe4 dxe4 19. Be3 Qc7 20. Nf5 Qxe5 21.
Nxe7+ Qxe7 22. Bxb6 Qxb4 23. Rab1 Qe7 24. Bc5 Qxc5 25. Rxb7 Qc6 26. Rdd7 Rae8
27. g3 Re6 28. Rdc7 Qd6 29. Rd7 Qe5 30. Qc4 e3 {ZÜ} 0-1

[Event "OLNW 1920 HSK Lister Turm - MTV"]
[Site "Tostedt"]
[Date "2021.07.10"]
[Round "8.5"]
[White "Wokittel, Ulf"]
[Black "Voege, Tobias"]
[Result "0-1"]
[WhiteElo "2112"]
[BlackElo "2324"]
[PlyCount "106"]
[EventDate "2021.??.??"]
[EventType "team-tourn"]
[EventCountry "GER"]

1. d4 e6 2. c4 Bb4+ 3. Bd2 a5 4. Nf3 f5 5. g3 Nf6 6. Bg2 O-O 7. O-O Be7 8. Nc3
d5 9. b3 Ne4 10. e3 Nd7 11. Qc2 c6 12. Ne1 Nxc3 13. Bxc3 b5 14. Nd3 bxc4 15.
bxc4 Ba6 16. cxd5 cxd5 17. Rfc1 Ba3 18. Rd1 Qc7 19. Qd2 Bxd3 20. Qxd3 Nb6 21.
Rab1 Nc4 22. Rb3 Rfb8 23. Rdb1 Be7 24. Rxb8+ Rxb8 25. Rxb8+ Qxb8 26. Qc2 Qb5
27. Qb3 Qd7 28. a4 Bb4 29. Bxb4 Qb7 30. Bf1 Qxb4 31. Qc2 g6 32. h4 Kf7 33. Be2
Kf6 34. Kg2 Ke7 35. h5 Kf6 36. hxg6 hxg6 37. g4 Qb2 38. Qd1 fxg4 39. Kg3 Qb8+
40. Kxg4 Qh2 41. Qf1 Nd2 42. Qh3 Qxh3+ 43. Kxh3 Ne4 44. Bb5 Nxf2+ 45. Kg3 Ne4+
46. Kg4 Nd6 47. Bd3 Nf5 48. Kf4 g5+ 49. Kf3 e5 50. dxe5+ Kxe5 51. Bf1 g4+ 52.
Kf2 Nd6 53. Ke2 Ne4 0-1

[Event "OLNW 1920 HSK Lister Turm - MTV"]
[Site "Tostedt"]
[Date "2021.07.10"]
[Round "8.6"]
[White "Hoerstmann, Rudi"]
[Black "Thomas, Jeremy"]
[Result "1-0"]
[WhiteElo "2222"]
[BlackElo "1918"]
[PlyCount "61"]
[EventDate "2021.??.??"]
[EventType "team-tourn"]
[EventCountry "GER"]

1. Nf3 Nf6 2. c4 g6 3. Nc3 Bg7 4. e4 d6 5. d4 O-O 6. Be2 Nc6 7. Be3 e5 8. d5
Ne7 9. Nd2 Nd7 10. b4 f5 11. f3 fxe4 12. fxe4 c6 13. Bf3 b5 14. dxc6 Nxc6 15.
cxb5 Nd4 16. O-O Bb7 17. Nb3 Nxf3+ 18. Rxf3 Nf6 19. Na5 Qd7 20. Nxb7 Qxb7 21.
Qxd6 Nxe4 22. Qd5+ Qxd5 23. Rxf8+ Bxf8 24. Nxd5 Rd8 25. Rd1 Rd7 26. Nc3 Rxd1+
27. Nxd1 Nd6 28. a4 Ne4 29. a5 Bxb4 30. b6 axb6 31. a6 1-0

[Event "OLNW 1920 HSK Lister Turm - MTV"]
[Site "Tostedt"]
[Date "2021.07.10"]
[Round "8.7"]
[White "Bieler, Janek"]
[Black "Hoerstmann, Martin"]
[Result "0-1"]
[WhiteElo "1803"]
[BlackElo "2214"]
[PlyCount "66"]
[EventDate "2021.??.??"]
[EventType "team-tourn"]
[EventCountry "GER"]

1. d4 g6 2. c4 Bg7 3. Nf3 c5 4. g3 cxd4 5. Nxd4 Nc6 6. Nxc6 dxc6 7. Qc2 Be6 8.
Bg2 Nf6 9. O-O O-O 10. Nd2 Qa5 11. b3 Bf5 12. e4 Nxe4 13. Nxe4 Bxa1 14. Bd2 Qe5
15. Bf4 Qh8 16. Qc1 Bb2 17. Qe3 Qd4 18. Qe2 Rfd8 19. Re1 Ba3 20. Nd2 Qd3 21.
Qd1 Bb4 22. Re2 Qb1 23. Qxb1 Bxb1 24. Nxb1 Rd1+ 25. Bf1 Rxb1 26. Kg2 a5 27. Rc2
a4 28. c5 axb3 29. axb3 Rxb3 30. Bc4 Rc3 31. Rxc3 Bxc3 32. Bc7 Bd4 33. Bb6 Ra4
0-1